00464nam a2200193Ia 4500003000900000008004100009040001300050040001300063041000800076100001600084245007400100250001100174260001600185260000900201300001100210300001200221490002700233490001000260IT-RoPAU120407s9999 xx 000 0 und d aIT-RoPAU cIT-RoPAU aita aMario Bunge aLa causalità€. Il posto del principio causale nella scienza moderna. aTorino aBoringhieri c1970 a468 p. c19,5 cm aUniversale scientifica v14445